Možnosti prognózovania reálnej konvergencie SR k EÚ (záverečná správa o riešení projektu AV) : aplikovaný výskum č. 4/2001/08 : doba riešenia projektu od roku 2008 do roku 2010
Na minha lista:
| Autor principal: | |
|---|---|
| Outros Autores: | , , , , , , , , , , , , |
| Formato: | Livro |
| Idioma: | eslovaco |
| Publicado em: |
Bratislava
2010
|
| Assuntos: | |
| Tags: |
Sem tags, seja o primeiro a adicionar uma tag!
|
MARC
| LEADER | 00000nam a2200000 4500 | ||
|---|---|---|---|
| 001 | 0172127 | ||
| 005 | 20240711092139.7 | ||
| 041 | 0 | |a slo | |
| 044 | |a SK | ||
| 245 | 1 | 0 | |a Možnosti prognózovania reálnej konvergencie SR k EÚ |b (záverečná správa o riešení projektu AV) : aplikovaný výskum č. 4/2001/08 : doba riešenia projektu od roku 2008 do roku 2010 |c vedúci riešiteľ Pavol Vincúr |
| 264 | 1 | |a Bratislava |c 2010 | |
| 300 | |a [6 s.] |e príl. | ||
| 610 | 2 | 0 | |a prognózy hospodárske |
| 610 | 2 | 0 | |a konvergencia |
| 610 | 2 | 0 | |a Slovensko |
| 610 | 2 | 0 | |a Európska únia |
| 100 | 1 | |a Vincúr, Pavol | |
| 700 | 1 | |a Fifeková, Elena | |
| 700 | 1 | |a Morvay, Karol, 1973- | |
| 700 | 1 | |a Lábaj, Martin, 1982- | |
| 700 | 1 | |a Fliegová, Jana | |
| 700 | 1 | |a Havettová, Miroslava | |
| 700 | 1 | |a Rumpelová, Daniela, 1982- | |
| 700 | 1 | |a Chandoga, Roman | |
| 700 | 1 | |a Fülöp, Peter | |
| 700 | 1 | |a Karabínoš, Stanislav | |
| 700 | 1 | |a Sabo, Štefan | |
| 700 | 1 | |a Silanič, Peter, 1984- | |
| 700 | 1 | |a Buday, Jozef | |
| 700 | 1 | |a Valach, Matej | |